01424nam a2200349 a 4500001001000000003000500010005001700015008004100032010001100073011001100084040000900095090001000104100004700114245018800161260004100349500006000390502007500450590004000525590004000565590004000605590004000645650003900685650002800724650004400752650003600796856007000832901000700902942001000909942000600919999001900925952013000944000114757CHAP20220329144456.0180409s2018 mx sm |||||||spa d a111218 a112190 cCHAP aTesis1 aGarcía Saldivar, Martha Patricia913504810aActividad antioxidante de dietas con alfalfa o morera y su efecto en la estabilidad oxidativa del lomo de conejo en refrigeraciónh[En línea]cMartha Patricia García Saldívar. aChapingo, Méx. :bEl autor,c2018. aPara ver el contenido del material haga clic en la liga aTesis (Ing. Agr. Esp. en Zootecnia) -- UACH. Departamento de Zootecnia aE6339RRRb05c20180409lUCH01h0919 aE6339RRRb05c20180409lUCH01h0919 aE6339RRRb05c20180409lUCH01h0920 aE6339RRRb05c20180409lUCH01h092214aAntioxidantesxAnálisis.913222914aCarne congelada.91911314aCarne de conejoxConservación.91914214aConejosxAlimentación.926353 aFinding aiduhttp://10.13.5.2/tesis/sist114757.pdfzTeclea aquí aBK cLIBRO n0 c111218d111218 00102local4051708TESISaBCbBCcPA_TESISd2018-04-09fTESISl0oTesisp114758-10r2019-12-31 00:00:00w2019-12-31yTESIS